| 000 | 00783nam a22002177a 4500 | ||
|---|---|---|---|
| 005 | 20240530110546.0 | ||
| 008 | 160601s2014 ua g b 000 0 ara d | ||
| 017 |
_a2013/10632 _bمصر . دار الكتب المصرية |
||
| 020 | _a9789773505165 | ||
| 040 | _aEG-CaGPL | ||
| 082 | 0 | 4 |
_221 _a327\ _bع ت |
| 100 | 0 | _aعامر مصباح . | |
| 245 | 1 | 2 |
_aالتحليل الاقليمى لعلاقات الدولية / _cعامر مصباح . |
| 260 |
_aالقاهرة : _bدار الكتاب الحديث ، _c2014 . |
||
| 300 |
_a444 ص ؛ _c24 سم . |
||
| 504 | _aببليوجرافية :ص 409 -439 | ||
| 650 | 0 | 4 | _aالعلاقات الخارجية . |
| 650 | 0 | 4 | _aالسياسة الدولية . |
| 942 |
_2ddc _cBK |
||
| 999 |
_c62367 _d62367 |
||